[Event "POL-chT 2nd League"]
[Site "Lublin"]
[Date "2006.09.08"]
[Round "7.100"]
[White "Trafas, Dariusz"]
[Black "Pawlowski, Slawomir"]
[Result "1/2-1/2"]
[WhiteElo "2088"]
[BlackElo "2130"]
[PlyCount "40"]
[EventDate "2006.09.02"]
[EventType "team-swiss"]
[EventRounds "9"]
[EventCountry "POL"]
[SourceTitle "EXT 2019"]
[Source "ChessBase"]
[SourceDate "2018.10.10"]
[SourceVersion "1"]
[SourceVersionDate "2018.10.10"]
[SourceQuality "1"]
[WhiteTeam "Koscian Tecza"]
[BlackTeam "Wloclawek Leszczynski"]
[WhiteTeamCountry "POL"]
[BlackTeamCountry "POL"]

1. e4 d5 2. exd5 Nf6 3. d4 Nxd5 4. Nc3 Nxc3 5. bxc3 g6 6. Bc4 Bg7 7. Nf3 0-0 8. 0-0 c5 9. Re1 Qc7 10. Qe2 Nc6 11. Ba3 cxd4 12. cxd4 Bg4 13. c3 Qa5 14. Bb2 Qh5 15. Ba3 Qa5 16. Bb2 Rac8 17. Bb3 e6 18. h3 Bxf3 19. Qxf3 b6 20. Re2 Ne7 1/2-1/2